000 00525nam a22001695i 4500
001 98675
003 ES-MaACL
005 20230906182338.0
007 t|
008 950920s1878 sp ||||1| spa d
040 _aCAM
_bspa
_cCAM
100 1 _aElices Montes, Ramón.
_946987
245 1 3 _aEl gobierno y el ejército de los pueblos libres
_b: estudio crítico /
_cpor Ramón Elices Montes.
260 _aMadrid :
_b[s.n.],
_c1878 (
_fImpr. de A. J. Alaria)
300 _a335, [3] p. ;
_c19 cm.
852 _aES-MaACL
_jD-1315
999 _c98675
_d98675